Les pays frontaliers de la Russie - Statistiques

Statistiques générales
  • Ce quiz a été pris 1 078 fois
  • Le résultat moyen est 12 sur 14
Statistiques - réponses
Hint Réponse % Correct
4 250 km Chine
99%
3 485 km Mongolie
97%
1 576 km Ukraine
96%
294 km Estonie
93%
959 km Biélorussie
91%
1 340 km Finlande
91%
217 km Lettonie
89%
227 km Lituanie
89%
19 km Corée du Nord
83%
723 km Géorgie
83%
6 846 km Kazakhstan
83%
206 km Pologne
81%
284 km Azerbaïdjan
70%
196 km Norvège
67%
Aucun quiz correspondant
Distribution des résultats
% des personnes avec chaque résultat
Percentile par nombre de réponses
Votre historique - résultats
Vous n’avez pas pris ce quiz